Social Network Analysis (Record no. 13812)
[ view plain ]
| 000 -LEADER | |
|---|---|
| fixed length control field | 00363nam a22001577a 4500 |
| 003 - CONTROL NUMBER IDENTIFIER | |
| control field | OSt |
| 008 - FIXED-LENGTH DATA ELEMENTS--GENERAL INFORMATION | |
| fixed length control field | 260212b |||||||| |||| 00| 0 eng d |
| 020 ## - INTERNATIONAL STANDARD BOOK NUMBER | |
| International Standard Book Number | 9789354247835 |
| 082 ## - DEWEY DECIMAL CLASSIFICATION NUMBER | |
| Classification number | 302.1 CHS |
| 100 ## - MAIN ENTRY--PERSONAL NAME | |
| Personal name | CHAKRABORTY,Tanmoy |
| 245 ## - TITLE STATEMENT | |
| Title | Social Network Analysis |
| 250 ## - EDITION STATEMENT | |
| Edition statement | 1st Ed |
| 260 ## - PUBLICATION, DISTRIBUTION, ETC. (IMPRINT) | |
| Place of publication, distribution, etc | New Delhi |
| Name of publisher, distributor, etc | Wiley |
| Date of publication, distribution, etc | 2025 |
| 300 ## - PHYSICAL DESCRIPTION | |
| Extent | 376p |
| 942 ## - ADDED ENTRY ELEMENTS (KOHA) | |
| Source of classification or shelving scheme | Dewey Decimal Classification |
| Koha item type | Reference Books |
| Withdrawn status | Lost status | Source of classification or shelving scheme | Damaged status | Not for loan | Collection code | Home library | Current library | Date acquired | Source of acquisition | Currency | Cost, normal purchase price | Bill Number | Total Checkouts | Full call number | Acc. no. / Barcode | Date last seen | Actual Cost, discounted price | Bill Date | Koha item type | Public note |
|---|---|---|---|---|---|---|---|---|---|---|---|---|---|---|---|---|---|---|---|---|
| Dewey Decimal Classification | BBA(Business Analytics) | PIET C-LIBRARY | PIET C-LIBRARY | 24/08/2025 | Book House | INR | 1009.00 | 091 | 302.1 CHS | 39843 | 12/02/2026 | 857.65 | 24/08/2025 | Reference Books | Decentrilization |